Environmental education / (Record no. 165703)

MARC details
000 -LEADER
fixed length control field 00756nam a22002177a 4500
005 - DATE AND TIME OF LATEST TRANSACTION
control field 20190627130218.0
010 ## - LCCN (DPL NO)
LC control number ENG-125794
020 ## - INTERNATIONAL STANDARD BOOK NUMBER
International Standard Book Number 9788193364789
Terms of availability 250.00
035 ## - SYSTEM CONTROL NUMBER
System control number EN-109326
037 ## - SOURCE OF ACQUISITION
Source of stock number/acquisition DBAD/PUB
082 ## - DEWEY DECIMAL CLASSIFICATION NUMBER
Classification number 301.310
100 ## - MAIN ENTRY--PERSONAL NAME
Personal name Krishnamacharyulu, V.
245 ## - TITLE STATEMENT
Title Environmental education /
Statement of responsibility, etc by V. Krishnamacharyulu, G.S. Reddy [and] Karman Kaur
260 ## - PUBLICATION, DISTRIBUTION, ETC. (IMPRINT)
Place of publication, distribution, etc Hyderabad
Name of publisher, distributor, etc Neelkamal Publications
Date of publication, distribution, etc 2017
270 ## - ADDRESS
Address 4764/1, 23 Ansari Road
City Daryaganj, New Delhi
Postal code 110002
Telephone number 011-23244237, 9811828953
Electronic mail address neelkamalbooks@gmail.com
300 ## - PHYSICAL DESCRIPTION
Extent viii,256p.
Dimensions 22cm(pbk)
500 ## - GENERAL NOTE
General note Includes bibliographical references and index
700 ## - ADDED ENTRY--PERSONAL NAME
Personal name Reddy, G.S.
700 ## - ADDED ENTRY--PERSONAL NAME
Personal name Kaur, Karman
942 ## - ADDED ENTRY ELEMENTS (KOHA)
Source of classification or shelving scheme Dewey Decimal Classification
Item type English Books
Classification part 301.310
Call number suffix KRI
Holdings
Withdrawn status Lost status Not for loan Collection code Home library Current library Date acquired Source of acquisition Cost, normal purchase price Full call number Barcode Copy number Cost, replacement price Koha item type
      Non-fiction Ashok Vihar Ashok Vihar 27/06/2019 DBAD/PUB 250.00 301.310 KRI EN-109326 1 250.00 English Books

© Delhi Public Library
Hit Counter
free hit counter